| 000 | 01028nam a2200301 a 4500 | ||
|---|---|---|---|
| 001 | 4222202 | ||
| 003 | NUST - PNEC | ||
| 005 | 20170116181100.0 | ||
| 008 | 820715s1980 pk b 001 0 eng | ||
| 010 | _a 81930073 | ||
| 020 | _cRs40.00 ($7.50 U.S.) | ||
| 040 |
_aDLC _cLIBRARY _dDLC |
||
| 043 |
_aa-pk--- _aa-cc--- _an-us--- |
||
| 050 | 0 | 0 |
_aDS383.5.C5 _bS5 |
| 082 | 0 | 0 |
_a327.5491051 SHE _219 |
| 100 | 1 | _aSherwani, Latif Ahmed. | |
| 245 | 1 | 0 |
_aPakistan, China, and America / _cby Latif Ahmed Sherwani. |
| 260 |
_aKarachi : _bCouncil for Pakistan Studies, _c1980. |
||
| 300 |
_a239 p. ; _c23 cm. |
||
| 504 | _aIncludes bibliographical references and index. | ||
| 650 |
_912360 _bPakistan, China, America _xGeneral books |
||
| 651 | 0 |
_aPakistan _xForeign relations _zChina. |
|
| 651 | 0 |
_aChina _xForeign relations _zPakistan. |
|
| 651 | 0 |
_aPakistan _xForeign relations _zUnited States. |
|
| 651 | 0 |
_aUnited States _xForeign relations _zPakistan. |
|
| 906 |
_a7 _bcbc _corignew _d4 _encip _f19 _gy-gencatlg |
||
| 942 |
_2ddc _cBK |
||
| 999 |
_c68739 _d68739 |
||